[Event "OPEN JASTRZEBIE-ZDROJ 2021"]
[Site "Jastrzebie-Zdroj"]
[Date "2021.11.09"]
[Round "4.12"]
[White "Ziebura, Paulina"]
[Black "Kubiniok, Stanislaw"]
[Result "0-1"]
[WhiteElo "1559"]
[BlackElo "1318"]
[PlyCount "108"]
[EventDate "2021.??.??"]

1. c4 c6 2. Nc3 Nf6 3. e3 d5 4. cxd5 Nxd5 5. Nxd5 Qxd5 6. Nf3 e6 7. a3 Be7 8.
d4 b6 9. Qc2 Bb7 10. Bc4 Qd8 11. e4 O-O 12. Be3 Nd7 13. Bd3 g6 14. b4 a5 15. b5
c5 16. Qb2 cxd4 17. Bh6 Re8 18. Rd1 e5 19. Ke2 Bf6 20. g4 Nc5 21. Bc4 Bxe4 22.
Qa2 Bxf3+ 23. Kxf3 Ra7 24. Rhg1 Bg7 25. Bxg7 Kxg7 26. Rge1 Qh4 27. Qd2 Qh3+ 28.
Ke2 Qxg4+ 29. Kf1 Qh3+ 30. Kg1 Rae7 31. Qa2 Qf3 32. Bd5 Qg4+ 33. Kf1 d3 34. Qb2
f6 35. f3 Qf5 36. Kg1 e4 37. fxe4 Nxe4 38. Rxd3 Nc5 39. Rxe7+ Rxe7 40. Rf3 Qe5
41. Qxe5 Rxe5 42. Ba2 h5 43. Bc4 g5 44. h3 g4 45. hxg4 hxg4 46. Rg3 f5 47. Kg2
Kf6 48. Kf1 Kg5 49. Be2 Kh4 50. Rg1 Re3 51. Kf2 Rxa3 52. Rh1+ Kg5 53. Rh7 Ne4+
54. Kg2 Ra2 0-1

[Event "OPEN JASTRZEBIE-ZDROJ 2021"]
[Site "Jastrzebie-Zdroj"]
[Date "2021.11.09"]
[Round "4.13"]
[White "Marszalek, Julian"]
[Black "Tomanec, Samuel"]
[Result "0-1"]
[WhiteElo "1230"]
[BlackElo "1464"]
[PlyCount "58"]
[EventDate "2021.??.??"]

1. e4 e5 2. Nf3 Nc6 3. Bc4 Nf6 4. Ng5 d5 5. exd5 Na5 6. Bb5+ c6 7. dxc6 bxc6 8.
Bd3 Qd5 9. O-O h6 10. Nh3 Bxh3 11. gxh3 e4 12. Bxe4 Nxe4 13. Re1 O-O-O 14. d3
Bc5 15. Qg4+ f5 16. dxe4 Bxf2+ 17. Kxf2 Qc5+ 18. Be3 Qxe3+ 19. Kxe3 fxg4 20.
hxg4 Nc4+ 21. Ke2 Rhe8 22. Kf3 Ne5+ 23. Kg3 Rf8 24. Nc3 Rf3+ 25. Kg2 Rd2+ 26.
Re2 Rxe2+ 27. Nxe2 Re3 28. Nc3 Nxg4 29. Rd1 Rxc3 0-1

[Event "OPEN JASTRZEBIE-ZDROJ 2021"]
[Site "Jastrzebie-Zdroj"]
[Date "2021.11.09"]
[Round "4.14"]
[White "Kordela, Kamil"]
[Black "Gawron, Tobiasz"]
[Result "0-1"]
[WhiteElo "1343"]
[BlackElo "1190"]
[PlyCount "98"]
[EventDate "2021.??.??"]

1. d4 d5 2. c4 c6 3. Nc3 Nf6 4. Nf3 Bf5 5. e3 e6 6. b3 Bb4 7. Bd2 O-O 8. Be2
Qa5 9. Na4 Bxd2+ 10. Qxd2 Qxd2+ 11. Nxd2 Nbd7 12. O-O a6 13. Nc3 b5 14. c5 Rfe8
15. f4 Bg4 16. h3 Bxe2 17. Nxe2 a5 18. a4 bxa4 19. bxa4 Rab8 20. Rab1 Rec8 21.
Ng3 Nf8 22. Nf3 Ng6 23. Ne5 Nxe5 24. dxe5 Ne8 25. Nh5 Nc7 26. Ng3 Na6 27. e4
Nb4 28. Rb3 Nc2 29. Rfb1 Rxb3 30. Rxb3 Nd4 31. Rb6 h6 32. Kf2 Kh7 33. Ke3 Nc2+
34. Kd2 Na3 35. Rb7 Kg6 36. h4 h5 37. Kd3 Nc4 38. Kd4 f6 39. exf6 Kxf6 40.
Nxh5+ Kg6 41. Nxg7 e5+ 42. Kd3 Rg8 43. Nf5 Kh5 44. Rh7+ Kg6 45. Rh6+ Kf7 46.
Rxc6 Rxg2 47. exd5 Nb2+ 48. Ke4 Rg4 49. Kxe5 Nc4+ 0-1

[Event "OPEN JASTRZEBIE-ZDROJ 2021"]
[Site "Jastrzebie-Zdroj"]
[Date "2021.11.09"]
[Round "4.15"]
[White "Bulawa, Adam"]
[Black "Kordela, Krzysztof"]
[Result "1-0"]
[WhiteElo "1115"]
[BlackElo "1449"]
[PlyCount "53"]
[EventDate "2021.??.??"]

1. e4 e5 2. Nf3 Nc6 3. Bc4 Bc5 4. d3 Nge7 5. c3 O-O 6. O-O h6 7. Be3 Bb6 8.
Nbd2 d5 9. exd5 Nxd5 10. Re1 Bf5 11. Nb3 Re8 12. Qd2 Na5 13. Nxa5 Bxa5 14. b4
Bb6 15. a4 Bxe3 16. fxe3 Bg4 17. Bxd5 Qxd5 18. e4 Qd6 19. Rf1 Rad8 20. Rad1 f5
21. exf5 Qb6+ 22. Kh1 e4 23. Qa2+ Kh8 24. dxe4 Rxd1 25. Rxd1 Rxe4 26. Rd8+ Kh7
27. Qg8# 1-0

[Event "OPEN JASTRZEBIE-ZDROJ 2021"]
[Site "Jastrzebie-Zdroj"]
[Date "2021.11.10"]
[Round "5.1"]
[White "Niedbala, Bartlomiej"]
[Black "Herwy, Jakub"]
[Result "1-0"]
[WhiteElo "2382"]
[BlackElo "1866"]
[PlyCount "65"]
[EventDate "2021.??.??"]

1. e4 c5 2. Nf3 e6 3. d4 cxd4 4. Nxd4 a6 5. Bd3 Bc5 6. Nb3 Be7 7. Qg4 g6 8. Qe2
Qc7 9. Nc3 d6 10. Bd2 Nc6 11. f4 Nf6 12. O-O-O b5 13. g4 b4 14. Na4 e5 15. f5
Bd7 16. Be3 Nd4 17. Nxd4 Bxa4 18. Nb3 gxf5 19. exf5 Bxb3 20. axb3 Qa5 21. Kb1
e4 22. Bxe4 Nxe4 23. Bd4 d5 24. Bxh8 f6 25. g5 O-O-O 26. Bxf6 Bxf6 27. gxf6 Qb6
28. Rxd5 Rxd5 29. Qxe4 Qc5 30. Re1 Rxf5 31. Qe8+ Kc7 32. Re7+ Kb6 33. Qd8+ 1-0

[Event "OPEN JASTRZEBIE-ZDROJ 2021"]
[Site "Jastrzebie-Zdroj"]
[Date "2021.11.10"]
[Round "5.2"]
[White "Zmarzly, Wiktor"]
[Black "Posluszny, Tomasz"]
[Result "0-1"]
[WhiteElo "1665"]
[BlackElo "2034"]
[PlyCount "82"]
[EventDate "2021.??.??"]

1. e4 c5 2. b3 b6 3. Bb2 Bb7 4. d3 e6 5. Nf3 Nc6 6. Nbd2 d5 7. exd5 Qxd5 8. g3
f6 9. Bg2 Qd7 10. O-O e5 11. a4 Nge7 12. Nc4 Nd5 13. Ne3 Ndb4 14. Qe2 O-O-O 15.
Rfd1 Nd4 16. Nxd4 Bxg2 17. Nf3 Bh3 18. Rd2 Be6 19. Rad1 Nc6 20. Nc4 Bg4 21. Qe4
Bf5 22. Qe3 h5 23. h4 g6 24. Qe2 Bh6 25. Ne3 Nd4 26. Nxd4 cxd4 27. Nxf5 Bxd2
28. Nxd4 exd4 29. Qxd2 Qd5 30. c3 Qxb3 31. a5 Rd6 32. Rc1 Rc6 33. cxd4 Rxc1+
34. Qxc1+ Kb7 35. d5 Qxd5 36. Bxf6 Re8 37. axb6 axb6 38. d4 b5 39. Qb1 Qf5 40.
Qb4 Re2 41. f4 Qd5 0-1

[Event "OPEN JASTRZEBIE-ZDROJ 2021"]
[Site "Jastrzebie-Zdroj"]
[Date "2021.11.10"]
[Round "5.3"]
[White "Radzimski, Antoni"]
[Black "Drabiniok, Kazimierz"]
[Result "0-1"]
[WhiteElo "1581"]
[BlackElo "1856"]
[PlyCount "76"]
[EventDate "2021.??.??"]

1. e4 d5 2. exd5 Qxd5 3. Nc3 Qa5 4. d4 c6 5. Bc4 Nf6 6. Bd2 Qc7 7. Nf3 Bg4 8.
h3 Bxf3 9. Qxf3 e6 10. O-O-O Nbd7 11. g4 Bd6 12. g5 Nd5 13. Bxd5 cxd5 14. Nb5
Qc6 15. Nxd6+ Qxd6 16. Bf4 Qa6 17. Kb1 Rc8 18. Rd3 O-O 19. h4 f6 20. Qg4 f5 21.
Qg3 Qc4 22. Rd2 Rc6 23. h5 Rfc8 24. Qe3 Qa4 25. g6 Nf8 26. gxh7+ Kxh7 27. h6 g6
28. Qe5 R8c7 29. Qf6 e5 30. Qxf8 exf4 31. b3 Qa6 32. Re1 Re6 33. Rg1 Qa5 34.
Rd3 Re1+ 35. Rxe1 Qxe1+ 36. Kb2 Qxf2 37. Rd1 Qxc2+ 38. Ka3 Qxd1 0-1

[Event "OPEN JASTRZEBIE-ZDROJ 2021"]
[Site "Jastrzebie-Zdroj"]
[Date "2021.11.10"]
[Round "5.4"]
[White "Zabystrzan, Pavel"]
[Black "Seemann, Pola"]
[Result "1-0"]
[WhiteElo "2199"]
[BlackElo "1491"]
[PlyCount "159"]
[EventDate "2021.??.??"]

1. Nf3 d5 2. c4 e6 3. g3 c5 4. Bg2 Nc6 5. cxd5 exd5 6. d4 Nf6 7. Nc3 Be7 8. O-O
O-O 9. dxc5 Bxc5 10. Bg5 d4 11. Bxf6 Qxf6 12. Nd5 Qd6 13. Nd2 Bf5 14. Rc1 Rad8
15. Nc4 Qe6 16. Nf4 Qe7 17. a3 Be4 18. Bxe4 Qxe4 19. Qc2 Qxc2 20. Rxc2 a6 21.
Ne5 Nxe5 22. Rxc5 Rfe8 23. Rd1 Rd6 24. Kf1 Ng4 25. h3 Nf6 26. Rc7 b5 27. h4
Red8 28. Rdc1 h6 29. Rc8 Rxc8 30. Rxc8+ Kh7 31. Nd3 Ne4 32. Ke1 g5 33. hxg5
hxg5 34. Nc5 Nxc5 35. Rxc5 Kg6 36. Kd2 f5 37. Kd3 Kf6 38. Rc8 Kg6 39. Rf8 Rd5
40. Rc8 Rd6 41. Rc2 Kf6 42. Rd2 Ke5 43. Rd1 Kf6 44. Kd2 Kg6 45. Kc2 Kf6 46. Rh1
Kg6 47. Kd3 Kg7 48. Rh5 Kg6 49. Rh8 Kg7 50. Rb8 Kf6 51. a4 bxa4 52. Rb4 Ke5 53.
Rxa4 f4 54. Ra5+ Kf6 55. g4 Re6 56. Rf5+ Kg6 57. Ra5 Rb6 58. Kxd4 Rxb2 59.
Rxa6+ Kf7 60. Kd3 Rb3+ 61. Ke4 Rb4+ 62. Kf3 Rb1 63. Rd6 Rh1 64. Rd2 Ke6 65. Rc2
Rh3+ 66. Ke4 Rh4 67. f3 Rh8 68. Rc6+ Kd7 69. Rc5 Re8+ 70. Kf5 Rg8 71. Kf6 Kd6
72. Rxg5 Rf8+ 73. Kg7 Re8 74. Rf5 Rxe2 75. Rxf4 Rf2 76. g5 Ke5 77. Rf8 Rg2 78.
g6 Ke6 79. f4 Ke7 80. f5 1-0

[Event "OPEN JASTRZEBIE-ZDROJ 2021"]
[Site "Jastrzebie-Zdroj"]
[Date "2021.11.10"]
[Round "5.5"]
[White "Trybus, Dominika"]
[Black "Tymrakiewicz, Rafal"]
[Result "0-1"]
[WhiteElo "1563"]
[BlackElo "2225"]
[PlyCount "100"]
[EventDate "2021.??.??"]

1. e4 d5 2. exd5 Nf6 3. Nf3 Nxd5 4. d4 g6 5. c4 Nf6 6. Be2 Bg7 7. Nc3 O-O 8.
O-O c6 9. Rb1 a6 10. Be3 Be6 11. Qd2 Re8 12. Rbd1 Bf5 13. Ne5 Nbd7 14. f4 Ne4
15. Nxe4 Bxe4 16. Bd3 Bxd3 17. Qxd3 e6 18. Rf3 Qe7 19. c5 Rad8 20. Nxd7 Rxd7
21. Qe2 Red8 22. Qf2 Qxc5 23. dxc5 Rxd1+ 24. Qf1 Bxb2 25. Qxd1 Rxd1+ 26. Rf1
Rxf1+ 27. Kxf1 f6 28. Bd2 Bd4 29. Bb4 e5 30. fxe5 Bxe5 31. g3 Kf7 32. Ke2 Ke6
33. Kd3 Kd5 34. a4 f5 35. a5 Bd4 36. Ba3 Bxc5 37. Bxc5 Kxc5 38. Ke3 g5 39. h4
h6 40. hxg5 hxg5 41. Kd3 Kd5 42. Ke3 c5 43. Kd3 f4 44. g4 c4+ 45. Kd2 Kd4 46.
Kc2 f3 47. Kb2 f2 48. Ka3 f1=Q 49. Ka4 Qb1 50. Ka3 Qb3# 0-1

[Event "OPEN JASTRZEBIE-ZDROJ 2021"]
[Site "Jastrzebie-Zdroj"]
[Date "2021.11.10"]
[Round "5.6"]
[White "Dylong, Antoni"]
[Black "Adamczyk, Zuzanna"]
[Result "0-1"]
[WhiteElo "1551"]
[BlackElo "2035"]
[PlyCount "60"]
[EventDate "2021.??.??"]

1. c4 f5 2. Nc3 Nf6 3. d4 g6 4. g3 Bg7 5. Bg2 O-O 6. Nf3 d6 7. O-O Qe8 8. Re1
Qf7 9. Qb3 Ne4 10. Be3 Nxc3 11. bxc3 h6 12. Nd2 c6 13. Rac1 e5 14. dxe5 dxe5
15. Rb1 g5 16. f4 Qe7 17. fxe5 Bxe5 18. Bd4 Nd7 19. Nf3 Bf6 20. c5+ Kh7 21. e4
Nxc5 22. Bxc5 Qxc5+ 23. Kh1 fxe4 24. Rxe4 Qd5 25. Qa3 Qf7 26. Rf1 Be6 27. Ne5
Qg7 28. Qd6 Bd5 29. Nd7 Be7 30. Qxe7 Rxf1+ 0-1

[Event "OPEN JASTRZEBIE-ZDROJ 2021"]
[Site "Jastrzebie-Zdroj"]
[Date "2021.11.10"]
[Round "5.7"]
[White "Fojcik, Kacper"]
[Black "Novak, Jiri"]
[Result "1/2-1/2"]
[WhiteElo "1345"]
[BlackElo "1845"]
[PlyCount "63"]
[EventDate "2021.??.??"]

1. d4 Nf6 2. Bf4 e6 3. Nf3 d5 4. e3 Bd6 5. Bxd6 Qxd6 6. c3 O-O 7. Nbd2 c5 8.
Be2 c4 9. O-O b5 10. b3 Bb7 11. a4 a6 12. axb5 axb5 13. Rxa8 Bxa8 14. b4 Nc6
15. Qc2 Bb7 16. Ra1 h6 17. h3 Nd7 18. e4 e5 19. dxe5 Ncxe5 20. Nxe5 Nxe5 21.
exd5 Qxd5 22. Bf3 Nxf3+ 23. Nxf3 Rd8 24. Re1 Bc6 25. Re5 Qd6 26. Re3 Ra8 27.
Qb1 g6 28. Nd4 Bd7 29. Qe4 Ra1+ 30. Re1 Ra3 31. Qc2 Kg7 32. Qd2 1/2-1/2

[Event "OPEN JASTRZEBIE-ZDROJ 2021"]
[Site "Jastrzebie-Zdroj"]
[Date "2021.11.10"]
[Round "5.8"]
[White "Gawron, Tobiasz"]
[Black "Piechota, Kamil"]
[Result "0-1"]
[WhiteElo "1190"]
[BlackElo "1752"]
[PlyCount "68"]
[EventDate "2021.??.??"]

1. e4 e5 2. Nf3 Nc6 3. d4 exd4 4. Nxd4 Nf6 5. Nc3 Bb4 6. Nxc6 bxc6 7. Bd3 d5 8.
exd5 cxd5 9. O-O O-O 10. Bg5 c6 11. a3 Ba5 12. Qf3 Re8 13. b4 Bc7 14. Rae1 Be5
15. Na4 h6 16. Bh4 g5 17. Bg3 Bg4 18. Qe3 Bc3 19. Bh7+ Kxh7 20. Qd3+ Kg8 21.
Rxe8+ Qxe8 22. Qxc3 Ne4 23. Qd4 Nxg3 24. hxg3 Bf5 25. c3 a5 26. Nc5 axb4 27.
axb4 Ra2 28. Qf6 Bg6 29. Qd6 Kg7 30. Rc1 Qe2 31. Rf1 Bh5 32. Nd7 Qxf1+ 33. Kh2
Qxf2 34. Qf8+ Kh7 0-1

[Event "OPEN JASTRZEBIE-ZDROJ 2021"]
[Site "Jastrzebie-Zdroj"]
[Date "2021.11.10"]
[Round "5.9"]
[White "Gepfert, Cyprian"]
[Black "Figa, Karolina"]
[Result "1-0"]
[WhiteElo "1745"]
[BlackElo "1355"]
[PlyCount "51"]
[EventDate "2021.??.??"]

1. e4 c6 2. d4 d5 3. e5 Bf5 4. h4 h5 5. c4 e6 6. Nc3 dxc4 7. Bxc4 Nd7 8. Bg5
Be7 9. Bxe7 Nxe7 10. Nge2 Qb6 11. O-O Qxb2 12. Bd3 Qa3 13. Rb1 b5 14. Rb3 Qa5
15. Ng3 Bxd3 16. Qxd3 Rb8 17. Nce4 Nc8 18. f4 Qd8 19. f5 exf5 20. Nxf5 O-O 21.
Qg3 g6 22. e6 Ndb6 23. exf7+ Kh7 24. Ng5+ Kh8 25. Qe5+ Qf6 26. Qxf6# 1-0

[Event "OPEN JASTRZEBIE-ZDROJ 2021"]
[Site "Jastrzebie-Zdroj"]
[Date "2021.11.10"]
[Round "5.10"]
[White "Golis, Wiktor"]
[Black "Kubiniok, Stanislaw"]
[Result "1-0"]
[WhiteElo "1591"]
[BlackElo "1318"]
[PlyCount "95"]
[EventDate "2021.??.??"]

1. e4 e6 2. d4 d5 3. Nd2 Nf6 4. e5 Nfd7 5. Bd3 c5 6. c3 Nc6 7. Ne2 cxd4 8. cxd4
Qb6 9. Nf3 Bb4+ 10. Bd2 Bxd2+ 11. Qxd2 Nb4 12. Bb1 a5 13. a3 Nc6 14. O-O Nf8
15. Nc3 Ng6 16. h4 h6 17. Bxg6 fxg6 18. Qd3 Ne7 19. Nb5 O-O 20. Nd6 Nf5 21.
Nxf5 gxf5 22. b3 Bd7 23. a4 Rac8 24. Nh2 Qb4 25. Rfc1 b5 26. axb5 Bxb5 27. Qd1
Rxc1 28. Rxc1 Rb8 29. Rc7 a4 30. bxa4 Bxa4 31. Qh5 Be8 32. Qd1 Qb1 33. Rc1 Qb4
34. g3 Ra8 35. Kg2 Kh7 36. g4 Ba4 37. Qd3 Bb5 38. Qb1 Qxb1 39. Rxb1 Bd3 40. Rb3
Bc4 41. Rb6 Re8 42. gxf5 exf5 43. Nf3 Ra8 44. h5 Kg8 45. Nh4 f4 46. Kf3 Rf8 47.
Ng6 Rf7 48. Rb8+ 1-0

[Event "OPEN JASTRZEBIE-ZDROJ 2021"]
[Site "Jastrzebie-Zdroj"]
[Date "2021.11.10"]
[Round "5.11"]
[White "Tomanec, Samuel"]
[Black "Stronczek, Karol"]
[Result "1-0"]
[WhiteElo "1464"]
[BlackElo "1285"]
[PlyCount "57"]
[EventDate "2021.??.??"]

1. e4 e6 2. d4 d5 3. exd5 exd5 4. Bd3 Nf6 5. Bf4 Bd6 6. Bg3 c6 7. c3 O-O 8. Ne2
Be6 9. Nd2 Nbd7 10. Bxd6 Re8 11. O-O Nb6 12. Be5 Nfd7 13. Bg3 Nf8 14. Nf4 Qd7
15. Nxe6 Nxe6 16. Bf5 g6 17. Bxe6 Rxe6 18. Nf3 f6 19. b3 Rae8 20. h3 Nc8 21.
Re1 Nd6 22. Bxd6 Qxd6 23. Rxe6 Rxe6 24. Qd2 Kg7 25. Re1 Rxe1+ 26. Nxe1 Qa3 27.
Nd3 Qe7 28. c4 Qe4 29. Qe3 1-0

[Event "OPEN JASTRZEBIE-ZDROJ 2021"]
[Site "Jastrzebie-Zdroj"]
[Date "2021.11.10"]
[Round "5.12"]
[White "Chaber, Dominik"]
[Black "Marcinowski, Marek"]
[Result "0-1"]
[WhiteElo "1214"]
[BlackElo "1740"]
[PlyCount "106"]
[EventDate "2021.??.??"]

1. g3 d5 2. Nf3 Bf5 3. Bg2 Nf6 4. d4 Nbd7 5. Nc3 h6 6. O-O e6 7. a3 Be7 8. b4
O-O 9. e3 a5 10. b5 a4 11. Qe2 Nb6 12. Ne5 Ne4 13. Nxe4 Bxe4 14. Bxe4 dxe4 15.
Nc4 Nd5 16. Nd2 f5 17. Bb2 Nf6 18. Nc4 h5 19. Ne5 Ng4 20. f4 Qe8 21. h4 Nxe5
22. dxe5 Qg6 23. Qg2 Rfd8 24. Rfd1 Qg4 25. Bd4 c5 26. bxc6 bxc6 27. Rd2 c5 28.
Bc3 Rxd2 29. Bxd2 Rd8 30. c4 Rd3 31. Kh2 Bxh4 32. Ra2 Be7 33. Qf2 h4 34. gxh4
Bxh4 35. Qg2 Qxg2+ 36. Kxg2 Kf7 37. Kf1 g5 38. fxg5 Bxg5 39. Ke2 Bd8 40. Kf2
Bc7 41. Rb2 Bxe5 42. Rb7+ Kf6 43. Ba5 Rxa3 44. Bd8+ Kg6 45. Rb6 Ra2+ 46. Ke1
Bc3+ 47. Kf1 Kf7 48. Rb7+ Ke8 49. Bg5 a3 50. Re7+ Kf8 51. Rxe6 Rb2 52. Ra6 a2
53. Bh4 Rb1+ 0-1

[Event "OPEN JASTRZEBIE-ZDROJ 2021"]
[Site "Jastrzebie-Zdroj"]
[Date "2021.11.10"]
[Round "5.15"]
[White "Lajdamik, Kinga"]
[Black "Ziebura, Paulina"]
[Result "1/2-1/2"]
[WhiteElo "1307"]
[BlackElo "1559"]
[PlyCount "59"]
[EventDate "2021.??.??"]

1. e4 e5 2. Nf3 Nc6 3. Bb5 Bc5 4. O-O Nge7 5. c3 a6 6. Ba4 O-O 7. d4 exd4 8.
cxd4 Ba7 9. d5 b5 10. dxc6 bxa4 11. cxd7 Qxd7 12. Qc2 Qc6 13. Qxc6 Nxc6 14. a3
Bg4 15. Nbd2 Bxf3 16. Nxf3 Nd4 17. Nxd4 Bxd4 18. Rb1 Rad8 19. Kh1 Bxf2 20. Bg5
f6 21. Rxf2 fxg5 22. Rxf8+ Kxf8 23. Kg1 Rd2 24. Kf1 Ke7 25. Rc1 Kd7 26. Rc4
Rxb2 27. Rxa4 h6 28. Rc4 Rb1+ 29. Kf2 Rb2+ 30. Kf1 1/2-1/2

[Event "OPEN JASTRZEBIE-ZDROJ 2021"]
[Site "Jastrzebie-Zdroj"]
[Date "2021.11.10"]
[Round "5.17"]
[White "Kordela, Krzysztof"]
[Black "Marszalek, Julian"]
[Result "0-1"]
[WhiteElo "1449"]
[BlackElo "1230"]
[PlyCount "58"]
[EventDate "2021.??.??"]

1. e4 c5 2. Nf3 d6 3. d4 cxd4 4. Nxd4 Nf6 5. Nc3 a6 6. Be2 e6 7. O-O Be7 8. b3
Qc7 9. Bb2 Nc6 10. Nxc6 Qxc6 11. Bf3 e5 12. Re1 Be6 13. Re3 Qc5 14. Na4 Qa7 15.
Ba3 b5 16. Nb2 Qb6 17. Nd3 a5 18. c3 Rc8 19. Rc1 O-O 20. Qd2 Rfd8 21. g3 Ng4
22. Bxg4 Bxg4 23. f3 Bg5 24. Rce1 Bxe3+ 25. Rxe3 Bxf3 26. Kf1 Bg4 27. Nf2 Be6
28. Rf3 h6 29. h4 Rc6 0-1

[Event "OPEN JASTRZEBIE-ZDROJ 2021"]
[Site "Jastrzebie-Zdroj"]
[Date "2021.11.11"]
[Round "6.1"]
[White "Tymrakiewicz, Rafal"]
[Black "Niedbala, Bartlomiej"]
[Result "0-1"]
[WhiteElo "2225"]
[BlackElo "2382"]
[PlyCount "120"]
[EventDate "2021.??.??"]

1. Nf3 d5 2. e3 Nf6 3. c4 c6 4. Nc3 e6 5. b3 Bd6 6. Bb2 O-O 7. Qc2 e5 8. cxd5
cxd5 9. Nb5 Nc6 10. Nxd6 Qxd6 11. Rc1 Bg4 12. h3 Bxf3 13. gxf3 Rac8 14. Qf5 Ne7
15. Qb1 Rxc1+ 16. Bxc1 Rc8 17. Be2 d4 18. Bb2 g6 19. O-O Nf5 20. Rc1 Rd8 21.
Qd3 Nh4 22. Qb5 Qe6 23. Kh2 Qf5 24. Qxb7 d3 25. Qc7 Re8 26. Qc4 e4 27. f4 dxe2
28. Qxe2 Nf3+ 29. Kg2 g5 30. Qa6 Re6 31. Qc8+ Kg7 32. Rc5 Qg6 33. f5 Nh4+ 34.
Kf1 Nxf5 35. Rc7 Ne7 36. Qxe6 fxe6 37. Rxe7+ Kg8 38. Rxe6 Qf5 39. Rxf6 Qxh3+
40. Ke2 Qg4+ 41. Ke1 h5 42. b4 h4 43. b5 Qg1+ 44. Ke2 Qb1 45. Bd4 Qxb5+ 46. Ke1
h3 47. Rh6 g4 48. Rh8+ Kf7 49. Bxa7 g3 50. Rh7+ Ke8 51. fxg3 Qb1+ 52. Ke2 Qh1
53. Bb8 Qg2+ 54. Ke1 h2 55. a4 h1=Q+ 56. Rxh1 Qxh1+ 57. Ke2 Kd7 58. Be5 Ke6 59.
Bd4 Qf3+ 60. Ke1 Kd5 0-1

[Event "OPEN JASTRZEBIE-ZDROJ 2021"]
[Site "Jastrzebie-Zdroj"]
[Date "2021.11.11"]
[Round "6.2"]
[White "Herwy, Jakub"]
[Black "Posluszny, Tomasz"]
[Result "0-1"]
[WhiteElo "1866"]
[BlackElo "2034"]
[PlyCount "134"]
[EventDate "2021.??.??"]

1. e4 e5 2. Nc3 Nf6 3. Bc4 Bc5 4. d3 O-O 5. Nf3 d6 6. Na4 Nbd7 7. Nxc5 Nxc5 8.
Be3 Ne6 9. O-O c6 10. Bb3 Qc7 11. Bxe6 Bxe6 12. c4 Ng4 13. h3 Nxe3 14. fxe3 f5
15. exf5 Rxf5 16. e4 Rf4 17. Qe2 Raf8 18. Rf2 b5 19. Raf1 Qb6 20. Kh2 h6 21. b3
a5 22. g3 R4f7 23. g4 g6 24. Kg3 a4 25. Nh4 Rxf2 26. Rxf2 Rxf2 27. Qxf2 Qxf2+
28. Kxf2 Kf7 29. cxb5 cxb5 30. bxa4 b4 31. a5 Bxa2 32. Nf3 Be6 33. a6 Bc8 34.
a7 Bb7 35. Nd2 d5 36. exd5 Bxd5 37. Ke3 h5 38. Nc4 Kf6 39. Nb6 Bc6 40. a8=Q
Bxa8 41. Nxa8 b3 42. Nb6 b2 43. Nd5+ Kg5 44. Nc3 hxg4 45. hxg4 Kxg4 46. Ke4 Kh3
47. Kxe5 g5 48. d4 g4 49. d5 g3 50. d6 g2 51. d7 g1=Q 52. d8=Q Qe3+ 53. Kf5
Qxc3 54. Qd1 Qc5+ 55. Ke4 Qc4+ 56. Ke5 Qb5+ 57. Kf4 Qb4+ 58. Ke3 b1=Q 59. Qf1+
Kg4 60. Qg2+ Kh5 61. Qd5+ Kg6 62. Qe6+ Kg7 63. Qe5+ Kf7 64. Qd5+ Ke7 65. Qe5+
Kd7 66. Qd5+ Qd6 67. Qa5 Qbb6+ 0-1

[Event "OPEN JASTRZEBIE-ZDROJ 2021"]
[Site "Jastrzebie-Zdroj"]
[Date "2021.11.11"]
[Round "6.3"]
[White "Drabiniok, Kazimierz"]
[Black "Adamczyk, Zuzanna"]
[Result "0-1"]
[WhiteElo "1856"]
[BlackElo "2035"]
[PlyCount "70"]
[EventDate "2021.??.??"]

1. e4 c6 2. b3 d5 3. exd5 cxd5 4. Bb2 Nc6 5. Nf3 Bf5 6. Bb5 Nf6 7. Nc3 a6 8.
Nd4 Bd7 9. Nxc6 bxc6 10. Be2 e5 11. d4 e4 12. Na4 Bd6 13. Qd2 Qc7 14. Nc5 a5
15. a4 O-O 16. Ba3 Bc8 17. g3 Re8 18. O-O-O e3 19. fxe3 Ne4 20. Qe1 Qe7 21. Bd3
Nxc5 22. dxc5 Bxc5 23. Bxc5 Qxc5 24. e4 dxe4 25. Bc4 Bg4 26. Rd2 Rab8 27. Rf1
Re7 28. Rf4 e3 29. Rdd4 Bf5 30. Kb1 e2 31. Rd2 g5 32. Rfd4 Re3 33. Kb2 Qe5 34.
Kb1 c5 35. Rd5 Rbxb3+ 0-1

[Event "OPEN JASTRZEBIE-ZDROJ 2021"]
[Site "Jastrzebie-Zdroj"]
[Date "2021.11.11"]
[Round "6.4"]
[White "Piechota, Kamil"]
[Black "Zabystrzan, Pavel"]
[Result "1-0"]
[WhiteElo "1752"]
[BlackElo "2199"]
[PlyCount "105"]
[EventDate "2021.??.??"]

1. e4 c6 2. d4 d5 3. exd5 cxd5 4. Bd3 Nc6 5. c3 Qc7 6. Ne2 Bg4 7. f3 Bd7 8. Bf4
e5 9. dxe5 Nxe5 10. Bc2 Bd6 11. Bxe5 Bxe5 12. Qxd5 Ne7 13. Qe4 O-O-O 14. Nd2
Bf5 15. Qa4 Bxc2 16. Qxc2 Nd5 17. Qe4 Rhe8 18. O-O-O Bf6 19. Qf5+ Kb8 20. Ne4
g6 21. Qh3 Be5 22. Rd2 Nf4 23. Rxd8+ Rxd8 24. Nxf4 Bxf4+ 25. Kb1 f5 26. Ng3 Qc4
27. Ka1 Qa4 28. Rb1 Qc2 29. a3 Rd1 30. Rxd1 Qxd1+ 31. Ka2 Qd5+ 32. Kb1 h5 33.
Qh4 Qd6 34. Ne2 Bxh2 35. g3 a6 36. Qxh2 Qd3+ 37. Ka2 Qd5+ 38. Kb1 Qd3+ 39. Kc1
Qxf3 40. c4 Qe3+ 41. Kb1 Qd3+ 42. Ka1 Qd1+ 43. Ka2 Qc2 44. g4+ Ka8 45. gxh5
Qxc4+ 46. Ka1 gxh5 47. Qxh5 Qc2 48. Qh8+ Ka7 49. Qd4+ Ka8 50. Nf4 Qc6 51. Nd5
b5 52. Qh8+ Ka7 53. Qg7+ 1-0

[Event "OPEN JASTRZEBIE-ZDROJ 2021"]
[Site "Jastrzebie-Zdroj"]
[Date "2021.11.11"]
[Round "6.5"]
[White "Gepfert, Cyprian"]
[Black "Radzimski, Antoni"]
[Result "1/2-1/2"]
[WhiteElo "1745"]
[BlackElo "1581"]
[PlyCount "147"]
[EventDate "2021.??.??"]

1. e4 e5 2. Nf3 Nc6 3. Nc3 Nf6 4. Bb5 Bb4 5. O-O O-O 6. d3 d6 7. Bg5 Ne7 8.
Bxf6 gxf6 9. Nh4 Ng6 10. Nxg6 hxg6 11. Nd5 Bc5 12. b4 Bb6 13. Nxb6 axb6 14. f4
c6 15. Bc4 f5 16. Qf3 exf4 17. Qxf4 d5 18. exd5 cxd5 19. Bb3 Be6 20. Qd4 Qd6
21. Rae1 Rad8 22. Re3 f6 23. Rfe1 Bf7 24. Re7 Rfe8 25. Rxe8+ Bxe8 26. Qe3 b5
27. Qe6+ Qxe6 28. Rxe6 Kf7 29. Re1 g5 30. g3 Bc6 31. d4 Rg8 32. Kf2 Rc8 33. Kf3
Kg6 34. Re2 Rc7 35. h4 Rh7 36. Rh2 f4 37. h5+ Rxh5 38. Rxh5 Kxh5 39. gxf4 g4+
40. Kg3 f5 41. c3 b6 42. Bc2 Bd7 43. Bd3 Kg6 44. Kh4 Be8 45. Bf1 Bd7 46. Bg2
Be6 47. Bh1 Bf7 48. Kg3 Kh5 49. Bg2 Be6 50. Bf1 Bd7 51. Be2 Kg6 52. Bd1 Be8 53.
Bb3 Bc6 54. Kh4 Kh6 55. Bc2 Kg6 56. Bb1 Bd7 57. Kg3 Be6 58. a3 Bd7 59. Kh4 Be8
60. Ba2 Bc6 61. Bb3 Kh6 62. Bd1 Kg6 63. Bc2 Be8 64. Bb1 Kf6 65. Ba2 Bc6 66. Bb3
Kg6 67. Bc2 Bd7 68. Bd3 Kh6 69. Kg3 Kg6 70. Bf1 Kh5 71. Bg2 Be6 72. Bh1 Bf7 73.
Bg2 Bg6 74. Bh1 1/2-1/2

[Event "OPEN JASTRZEBIE-ZDROJ 2021"]
[Site "Jastrzebie-Zdroj"]
[Date "2021.11.11"]
[Round "6.6"]
[White "Seemann, Pola"]
[Black "Zmarzly, Wiktor"]
[Result "1-0"]
[WhiteElo "1491"]
[BlackElo "1665"]
[PlyCount "97"]
[EventDate "2021.??.??"]

1. e4 c5 2. Nf3 Nc6 3. d4 cxd4 4. Nxd4 Nf6 5. Nc3 d6 6. Bg5 Qb6 7. Be3 a6 8. a3
Qc7 9. Be2 e5 10. Nb3 Be6 11. Nd5 Bxd5 12. exd5 Nb8 13. O-O Be7 14. c4 Nbd7 15.
Rc1 O-O 16. Nd2 Ne8 17. b4 b6 18. Nb3 a5 19. Qc2 a4 20. Nd2 f5 21. f4 e4 22.
Kh1 Nef6 23. g4 fxg4 24. Nxe4 Rfe8 25. Ng5 Nf8 26. Bd4 Qd7 27. Rg1 h6 28. Bxf6
Bxf6 29. Bxg4 Qb7 30. Ne4 Qe7 31. Rce1 Bh4 32. Re2 Qc7 33. Reg2 Ra7 34. Bh5 Rc8
35. Qc3 Nh7 36. Nxd6 Bf6 37. Qh3 Rf8 38. Qe6+ Kh8 39. Nb5 Qd7 40. Nxa7 Qxa7 41.
Bg6 Qc7 42. Qe4 Bc3 43. Bxh7 g5 44. Bf5 gxf4 45. Qe6 Bg7 46. Rxg7 Qxg7 47. Rxg7
Kxg7 48. Qg6+ Kh8 49. Qh7# 1-0

[Event "OPEN JASTRZEBIE-ZDROJ 2021"]
[Site "Jastrzebie-Zdroj"]
[Date "2021.11.11"]
[Round "6.7"]
[White "Tomanec, Samuel"]
[Black "Golis, Wiktor"]
[Result "1-0"]
[WhiteElo "1464"]
[BlackElo "1591"]
[PlyCount "103"]
[EventDate "2021.??.??"]

1. e4 c5 2. c4 Nc6 3. g3 Nf6 4. Nc3 e6 5. Bg2 d5 6. cxd5 exd5 7. exd5 Nb4 8. d3
Nfxd5 9. Nxd5 Nxd5 10. Qa4+ Bd7 11. Qe4+ Be6 12. Nh3 Qd7 13. Ng5 O-O-O 14. Nxe6
Qxe6 15. O-O Qxe4 16. dxe4 Nb4 17. Bf4 Bd6 18. e5 Bc7 19. Rfd1 Nd3 20. Bg5 Rd4
21. Be3 Rdd8 22. Bg5 Bxe5 23. Bxd8 Rxd8 24. Bh3+ Kc7 25. Bf5 Nxb2 26. Rxd8 Kxd8
27. Re1 Bf6 28. Bxh7 c4 29. Bc2 Kc7 30. Re8 Nd3 31. Bxd3 cxd3 32. Re3 b5 33.
Rxd3 a5 34. a4 b4 35. Rd5 Kb6 36. Rb5+ Ka6 37. f4 Bd4+ 38. Kg2 Bb6 39. Kf3 Kb7
40. h4 Kc6 41. g4 Bd8 42. h5 Kd6 43. g5 Ke6 44. Kg4 f6 45. f5+ Ke7 46. g6 Bc7
47. h6 gxh6 48. Kh5 b3 49. Rxb3 Kf8 50. Rb7 Bd6 51. g7+ Kg8 52. Kg6 1-0